Countries of the World Quiz With Unrecognized Countries - Statistics

General Stats
  • This quiz has been taken 159 times
  • The average score is 130 of 206
Answers on the Map
Answers color-coded by a green-red scale on the quiz's map according to % correct below.
 
Answer Stats
Country % Correct
United States
76%
Canada
74%
Cuba
73%
Mexico
73%
United Kingdom
72%
Denmark
71%
Ireland
71%
Russia
71%
France
70%
Germany
70%
Iceland
70%
Jamaica
70%
Norway
70%
Taiwan
70%
Bahamas
69%
Belarus
69%
Belgium
69%
Brazil
69%
Chile
69%
China
69%
Dominican Republic
69%
Finland
69%
Italy
69%
Netherlands
69%
Palestine
69%
Sudan
69%
Sweden
69%
Turkey
69%
Ukraine
69%
Argentina
68%
Australia
68%
Czech Republic
68%
Georgia
68%
Haiti
68%
India
68%
Iran
68%
Iraq
68%
New Zealand
68%
Slovenia
68%
South Sudan
68%
Spain
68%
Austria
67%
Bangladesh
67%
Belize
67%
Bolivia
67%
Egypt
67%
Estonia
67%
Greece
67%
Japan
67%
Kazakhstan
67%
Kosovo
67%
Latvia
67%
Lithuania
67%
Madagascar
67%
Mongolia
67%
Nicaragua
67%
Pakistan
67%
Panama
67%
Peru
67%
Philippines
67%
Poland
67%
Portugal
67%
Romania
67%
Slovakia
67%
Afghanistan
66%
Algeria
66%
Bulgaria
66%
Colombia
66%
Croatia
66%
Cyprus
66%
El Salvador
66%
Ghana
66%
Guatemala
66%
Honduras
66%
Israel
66%
Jordan
66%
Luxembourg
66%
Morocco
66%
Nepal
66%
North Korea
66%
North Macedonia
66%
Oman
66%
Paraguay
66%
San Marino
66%
Saudi Arabia
66%
Serbia
66%
Somalia
66%
South Korea
66%
Switzerland
66%
Syria
66%
Thailand
66%
United Arab Emirates
66%
Uruguay
66%
Vatican City
66%
Venezuela
66%
Vietnam
66%
Albania
65%
Andorra
65%
Bosnia and Herzegovina
65%
Cambodia
65%
Democratic Republic of the Congo
65%
Dominica
65%
Ecuador
65%
Ethiopia
65%
Guyana
65%
Hungary
65%
Indonesia
65%
Libya
65%
Moldova
65%
Niger
65%
Nigeria
65%
Papua New Guinea
65%
Qatar
65%
South Africa
65%
Suriname
65%
Turkmenistan
65%
Uzbekistan
65%
Yemen
65%
Armenia
64%
Azerbaijan
64%
Bhutan
64%
Central African Republic
64%
Chad
64%
Costa Rica
64%
Kyrgyzstan
64%
Laos
64%
Lebanon
64%
Liechtenstein
64%
Malaysia
64%
Myanmar
64%
Republic of the Congo
64%
Sri Lanka
64%
Tajikistan
64%
Tunisia
64%
Angola
63%
Barbados
63%
Cameroon
63%
Eritrea
63%
Kenya
63%
Mali
63%
Malta
63%
Mauritania
63%
Montenegro
63%
Togo
63%
Zimbabwe
63%
Antigua and Barbuda
62%
Benin
62%
Brunei
62%
Federated States of Micronesia
62%
Guinea
62%
Liberia
62%
Maldives
62%
Monaco
62%
Senegal
62%
Singapore
62%
Tuvalu
62%
Bahrain
61%
Botswana
61%
Fiji
61%
Ivory Coast
61%
Kuwait
61%
Palau
61%
Rwanda
61%
Samoa
61%
Seychelles
61%
Tonga
61%
Burkina Faso
60%
Gambia
60%
Grenada
60%
Guinea-Bissau
60%
Kiribati
60%
Lesotho
60%
Namibia
60%
Nauru
60%
Saint Kitts and Nevis
60%
Trinidad and Tobago
60%
Zambia
60%
Cape Verde
59%
Comoros
59%
Djibouti
59%
Mauritius
59%
Mozambique
59%
Tanzania
59%
Uganda
59%
Burundi
58%
East Timor
58%
Equatorial Guinea
58%
Gabon
58%
Saint Lucia
58%
Eswatini
57%
Malawi
57%
Sierra Leone
57%
Solomon Islands
57%
Marshall Islands
56%
Saint Vincent and the Grenadines
56%
São Tomé and Príncipe
56%
Vanuatu
56%
Somaliland
54%
Abkhazia
49%
South Ossetia
47%
Western Sahara
47%
Transnistria
43%
Northern Cyprus
38%
Artsakh
32%
Niue
26%
Cook Islands
22%
No matching quizzes found
Score Distribution
Percent of People with Each Score
Percentile by Number Answered
Your Score History
You have not taken this quiz